| 000 | 00517cam a2200193 a 4500 | ||
|---|---|---|---|
| 020 | _a025613619X | ||
| 040 | _cDLC | ||
| 082 | 0 | 0 | _a658 LRW 1996 A045 Or. |
| 100 | 1 | _aByars, Lloyd L. | |
| 245 | 1 | 0 | _aStrategic management / |
| 260 |
_aChicago : _bIrwin, _c1996. |
||
| 300 |
_axi, 1043 p. : _bill. ; _c24 cm. |
||
| 500 | _aIncludes bibliographical references and indexes. | ||
| 650 | 0 | _aStrategic planning. | |
| 650 | 0 | _aStrategic planning | |
| 700 | 1 | _aRue, Leslie W. | |
| 700 | 1 | _aZahra, Shaker A. | |
| 942 | _cEK | ||
| 999 |
_c13131 _d13131 |
||